| 000 | 00923cam a22002777a 4500 | ||
|---|---|---|---|
| 001 | 16581894 | ||
| 003 | OSt | ||
| 005 | 20150729010827.0 | ||
| 008 | 101216s2014 enk b 001 0 eng | ||
| 010 | _a 2010052297 | ||
| 020 | _a9781292019499 | ||
| 035 | _a(OCoLC)ocn694080470 | ||
| 040 |
_aDLC _cDLC _dCDX _dEGM _dDLC |
||
| 082 | 0 | 0 |
_a658.15 _bSWE _222 |
| 100 | 1 |
_aSullivan, William G. _949746 |
|
| 245 | 1 | 0 |
_aEngineering economy / _cWilliam G. Sullivan, Elin M. Wicks, C. Patrick Koelling. |
| 250 | _a16th ed., global edition. | ||
| 260 |
_aEssex, England : _bPearson Education Limited, _c2014. |
||
| 300 |
_axx, 694 p. : _bill. ; _c25 cm. |
||
| 504 | _aIncludes bibliographical references and index. | ||
| 650 | 0 |
_aEngineering economy. _949747 |
|
| 700 | 1 |
_a Wicks, Elin M. _949748 |
|
| 700 | 1 |
_a Koelling, C. Patrick _949749 |
|
| 942 |
_2ddc _cBOOK |
||
| 999 |
_c37773 _d272273 |
||